Normal view
MARC view
- Muslim pilgrims and pilgrimages
Entry Topical Term
001 - CONTROL NUMBER
- control field: 2481
003 - CONTROL NUMBER IDENTIFIER
- control field: OSt
005 - DATE AND TIME OF LATEST TRANSACTION
- control field: 20170508163606.0
008 - FIXED-LENGTH DATA ELEMENTS
- fixed length control field: 170508|| aca||aabn | a|a d
040 ## - CATALOGING SOURCE
- Original cataloging agency: OSt
- Transcribing agency: OSt
150 ## - HEADING--TOPICAL TERM
- Topical term or geographic name entry element: Muslim pilgrims and pilgrimages
- Geographic subdivision: Saudi Arabia
- Geographic subdivision: Mecca
670 ## - SOURCE DATA FOUND
- Source citation: Work cat.: (OSt)0: Albani, Muhamad Nashiruddin 2480, Haji dan umrah mengikut sunnah Rasulullah s.a.w. /, 1995

PORTAL AKMAL
E-MEL JKDM
AKMAL2U
G-BAM
u-PUSTAKA